LEADER 00822nam0-22003011i-450- 001 990002553950403321 035 $a000255395 035 $aFED01000255395 035 $a(Aleph)000255395FED01 035 $a000255395 100 $a20000920d1961----km-y0itay50------ba 101 0 $aENG 200 1 $a<>Algebra of Probable Inference$fRichard T. Cox. 210 $aBaltimore$cThe John Hopkins Press$d1961. 215 $ax, 114 p.$d23 cm 610 0 $aStatistica 610 0 $aInferenza 610 0 $aRegressione e correlazione 676 $a519 700 1$aCox,$bRichard T.$0104049 801 0$aIT$bUNINA$gRICA$2UNIMARC 901 $aBK 912 $a990002553950403321 952 $aMXXIV-A-24$b037078$fMAS 959 $aMAS 996 $aAlgebra of Probable Inference$9437231 997 $aUNINA DB $aING01